Bão tố chốn giang hồ : Tiểu thuyết hình sự

Guardado en:
Detalles Bibliográficos
Autor principal: Breton, Auguste Le
Formato: Libro
Lenguaje:Undetermined
Publicado: Hà Nội Văn học 2003
Materias:
Etiquetas: Agregar Etiqueta
Sin Etiquetas, Sea el primero en etiquetar este registro!
Thư viện lưu trữ: Trung tâm Học liệu Trường Đại học Cần Thơ
LEADER 00583nam a2200205Ia 4500
001 CTU_94595
008 210402s9999 xx 000 0 und d
020 |c 24000 
082 |a 843.914 
082 |b B844 
100 |a Breton, Auguste Le 
245 0 |a Bão tố chốn giang hồ : 
245 0 |b Tiểu thuyết hình sự 
245 0 |c Auguste Le Breton ; Minh Nhật dịch giả 
260 |a Hà Nội 
260 |b Văn học 
260 |c 2003 
650 |a French fiction 
904 |i Năm 
980 |a Trung tâm Học liệu Trường Đại học Cần Thơ